Kansas Geography Quiz - Sudden Death - Statistics

General Stats
  • This quiz has been taken 201 times
  • The average score is 11 of 20
Answers on the Grid
Answers color-coded by a green-red scale on the quiz's grid according to % correct below.
Amarillo
Arkansas River
Atchafalaya River
Badlands National Park
Chesapeake Bay
Des Moines
Dodge City
Dwight D. Eisenhower Presidential Library
Empire State Building
Florida Keys
Fort Leavenworth
Fort Riley
Fort Wayne
Four Corners
Glacier National Park
Great Plains
Great Sand Dunes National Park
Gulf of Mexico
Joplin
Kansas City
Kansas Panhandle
Kansas River
Lawrence
Manhattan
Missouri River
Mount Sunflower
Ohio River
Olathe
Overland Park
Pony Express National Historic Trail
Rio Grande
Rocky Mountains
Saline River
Santa Fe National Historic Trail
St. Louis
Tallgrass Prairie National Preserve
Topeka
Tulsa
White Sands National Park
Wichita
 
Answer Stats
Answer % Correct
Dodge City
80%
Kansas City
79%
Fort Leavenworth
77%
Dwight D. Eisenhower Presidential Library
71%
Great Plains
70%
Arkansas River
66%
Wichita
65%
Topeka
63%
Kansas River
59%
Lawrence
57%
Fort Riley
55%
Olathe
54%
Overland Park
54%
Manhattan
48%
Mount Sunflower
47%
Tallgrass Prairie National Preserve
45%
Pony Express National Historic Trail
44%
Missouri River
43%
Saline River
37%
Santa Fe National Historic Trail
33%
No matching quizzes found
Score Distribution
Percent of People with Each Score
Percentile by Number Answered
Your Score History
You have not taken this quiz